Кузнецкий мост (Запис № 380366)

МАРК-запис
000 -LEADER
fixed length control field 00724nam a22002417a 4500
001 - CONTROL NUMBER
control field 94109
003 - CONTROL NUMBER IDENTIFIER
control field UA-OsUOA
005 - DATE AND TIME OF LATEST TRANSACTION
control field 20210620233448.0
007 - PHYSICAL DESCRIPTION FIXED FIELD--GENERAL INFORMATION
fixed length control field ta
008 - FIXED-LENGTH DATA ELEMENTS--GENERAL INFORMATION
fixed length control field 20130205b un ||||| |||| 00| 0 ukr d
040 ## - CATALOGING SOURCE
Original cataloging agency UA-OsUOA
Language of cataloging rus
Transcribing agency UA-OsUOA
Modifying agency UA-OsUOA
041 ## - LANGUAGE CODE
Language code of text/sound track or separate title rus
080 ## - UNIVERSAL DECIMAL CLASSIFICATION NUMBER
Universal Decimal Classification number 821.161.1
090 ## - LOCALLY ASSIGNED LC-TYPE CALL NUMBER (OCLC); LOCAL CALL NUMBER (OCLC)
Classification number (OCLC) (R) ; Classification number, CALL (RLIN) (NR) 821.161.1
Local cutter number (OCLC) ; Book number/undivided call number, CALL (RLIN) Д17
100 ## - MAIN ENTRY--PERSONAL NAME
Personal name Дангулов С.
245 ## - TITLE STATEMENT
Title Кузнецкий мост
Remainder of title роман
Statement of responsibility, etc Савва Дангулов
260 ## - PUBLICATION, DISTRIBUTION, ETC. (IMPRINT)
Place of publication, distribution, etc М.
Name of publisher, distributor, etc Сов. писатель
Date of publication, distribution, etc 1975
300 ## - PHYSICAL DESCRIPTION
Extent 486 с.
650 #7 - SUBJECT ADDED ENTRY--TOPICAL TERM
Topical term or geographic name as entry element 82 Література. Літературознавство
Source of heading or term UDC
942 ## - ADDED ENTRY ELEMENTS (KOHA)
Koha item type Книги
Source of classification or shelving scheme Universal Decimal Classification
955 ## - COPY-LEVEL INFORMATION (RLIN)
Classification number, CCAL (RLIN) Літературно-художні видання
Фонди
Withdrawn status Lost status Source of classification or shelving scheme Damaged status Not for loan Home library Current library Date acquired Inventory number Total Checkouts Full call number Barcode Date last seen Price effective from Koha item type
    Universal Decimal Classification     АБ - Абонемент НБ АБ - Абонемент НБ 12/02/2013 14369   821.161.1 Д17 14369 14/04/2022 05/02/2013 Книги
    Universal Decimal Classification     АБ - Абонемент НБ АБ - Абонемент НБ 05/02/2013 39667   821.161.1 Д17 39667 14/04/2022 05/02/2013 Книги
    Universal Decimal Classification     АБ - Абонемент НБ АБ - Абонемент НБ 12/02/2013 44250   821.161.1 Д17 44250 14/04/2022 05/02/2013 Книги
    Universal Decimal Classification     АБ - Абонемент НБ АБ - Абонемент НБ 12/02/2013 44449   821.161.1 Д17 44449 14/04/2022 05/02/2013 Книги
    Universal Decimal Classification     АБ - Абонемент НБ АБ - Абонемент НБ 05/02/2013 45695   821.161.1 Д17 45695 14/04/2022 05/02/2013 Книги
    Universal Decimal Classification     АБ - Абонемент НБ АБ - Абонемент НБ 19/02/2013 45878   821.161.1 Д17 45878 15/04/2022 05/02/2013 Книги
    Universal Decimal Classification     АБ - Абонемент НБ АБ - Абонемент НБ 17/09/2010 10312   821.161.2 Д17 10312 01/07/2022 17/09/2020 Книги
    Universal Decimal Classification     АБ - Абонемент НБ АБ - Абонемент НБ 08/10/2010 14195   821.161.1 Д17 14195 27/05/2022 08/10/2020 Книги